<?xml version="1.0" encoding="UTF-8"?>
<record
    xmlns:xsi="http://www.w3.org/2001/XMLSchema-instance"
    xsi:schemaLocation="http://www.loc.gov/MARC21/slim http://www.loc.gov/standards/marcxml/schema/MARC21slim.xsd"
    xmlns="http://www.loc.gov/MARC21/slim">

  <leader>02194nab a22002777a 4500</leader>
  <datafield tag="999" ind1=" " ind2=" ">
    <subfield code="c">8626</subfield>
    <subfield code="d">8626</subfield>
  </datafield>
  <controlfield tag="003">AR-RoUNA</controlfield>
  <datafield tag="040" ind1=" " ind2=" ">
    <subfield code="a">AR-RoUNA</subfield>
    <subfield code="b">spa</subfield>
  </datafield>
  <datafield tag="041" ind1=" " ind2=" ">
    <subfield code="a">spa</subfield>
    <subfield code="h">spa</subfield>
  </datafield>
  <datafield tag="044" ind1=" " ind2=" ">
    <subfield code="a">ag</subfield>
  </datafield>
  <datafield tag="110" ind1="1" ind2=" ">
    <subfield code="b">Universidad del Zulia. Venezuela</subfield>
    <subfield code="9">28</subfield>
    <subfield code="a">Facultad de Arquitectura y Dise&#xF1;o</subfield>
  </datafield>
  <datafield tag="245" ind1="1" ind2=" ">
    <subfield code="a">Portafolio :</subfield>
    <subfield code="b">Revista Arbitrada por la Facultad de Arquitectura y Dise&#xF1;o. Universidad del Zulia</subfield>
    <subfield code="h">N&#xBA; 22</subfield>
  </datafield>
  <datafield tag="260" ind1=" " ind2=" ">
    <subfield code="a">Venezuela, Universidad del Zulia :</subfield>
    <subfield code="b">Francisco Mustieles,</subfield>
    <subfield code="c">2000</subfield>
  </datafield>
  <datafield tag="300" ind1=" " ind2=" ">
    <subfield code="a">77 p. :</subfield>
    <subfield code="b">dib.</subfield>
    <subfield code="b">fot. byn.</subfield>
    <subfield code="b">plantas</subfield>
    <subfield code="c">27x21 cm</subfield>
  </datafield>
  <datafield tag="505" ind1=" " ind2=" ">
    <subfield code="a">Javier Suarez Acosta / EDITORIAL. p.4-5</subfield>
    <subfield code="t">Lourdes Pe&#xF1;aranda / A Proposito de la Independencia de la forma en el Arte. p.6-15</subfield>
    <subfield code="t">Carmen Grisolia Carmona / El Dise&#xF1;o Grafico y su Rol en la Construccion de la Identidad Urbana. Caso de Estudio: Merida, Venezuela. p.16-30</subfield>
    <subfield code="t">Jhonatan Medina Cardona / Emblema y Empresas en Venezuela. Procesos de Traduccion y Sustitucion Semiotica en la Heraldica Sociopolitica Contemporanea. p.32-43</subfield>
    <subfield code="t">Yolegmma Marquez de Vidal / Del Arte a la Arquitectua y al Dise&#xF1;o. Valoracion Estetica y Procesos Creativos.  p.44-53</subfield>
    <subfield code="t">Hender Viloria Matheus / Impacto de las Tecnologias de la Informacion y la Comunicacion en el Desarrollo de la Infografia Digital. p. 54-62</subfield>
    <subfield code="t">Jose Ignacio Sanchez /Jose Enrique Finol. Los Imaginarios de lo Cotidiano en la Comprension de un Mundo Dise&#xF1;ado. p.64-67 </subfield>
    <subfield code="t">Esteban Lazzetta Di Stasio /  Rese&#xF1;a de Eventos. X Congreso Internacional de la Psicoogia Social de la Libracion. Caracas Venezuela. Universidad Central de Venezuela y Universidad Catolica. Andres Bello. p.68</subfield>
    <subfield code="t">Esteban Lazzetta Di Stasio /  Rese&#xF1;a de Eventos. X Congreso Internacional de Historia Regional y Local Coro Eduardo Falcon Venezuela. Universidad Nacional Experimental  Francisco de Miranda Sede Complejo Educativo Los Perozo.. p.69</subfield>
  </datafield>
  <datafield tag="650" ind1=" " ind2=" ">
    <subfield code="2">Arquitectura</subfield>
  </datafield>
  <datafield tag="650" ind1=" " ind2=" ">
    <subfield code="2">Arte</subfield>
  </datafield>
  <datafield tag="650" ind1=" " ind2=" ">
    <subfield code="2">Dise&#xF1;o Grafico</subfield>
  </datafield>
  <datafield tag="653" ind1=" " ind2=" ">
    <subfield code="a">Tecnologia de la Informacion</subfield>
  </datafield>
  <datafield tag="653" ind1=" " ind2=" ">
    <subfield code="a">Tecnologia de la Comunicacion</subfield>
  </datafield>
  <datafield tag="773" ind1="0" ind2=" ">
    <subfield code="a">PortaFolio</subfield>
    <subfield code="d">Venezuela, Universidad del Zulia, 2000</subfield>
    <subfield code="g">vol 2 N&#xBA; 22 (jul-dic 2010) p.67</subfield>
    <subfield code="x">1317-2085</subfield>
  </datafield>
  <datafield tag="856" ind1=" " ind2=" ">
    <subfield code="u">www.fad.luz.edu.ve/portafolio/</subfield>
  </datafield>
  <datafield tag="908" ind1=" " ind2=" ">
    <subfield code="a">Imp</subfield>
  </datafield>
  <datafield tag="942" ind1=" " ind2=" ">
    <subfield code="2">udc</subfield>
    <subfield code="c">ART</subfield>
  </datafield>
  <datafield tag="945" ind1=" " ind2=" ">
    <subfield code="a">ZBK</subfield>
  </datafield>
  <datafield tag="952" ind1=" " ind2=" ">
    <subfield code="0">0</subfield>
    <subfield code="1">0</subfield>
    <subfield code="2">udc</subfield>
    <subfield code="4">0</subfield>
    <subfield code="5">1</subfield>
    <subfield code="7">0</subfield>
    <subfield code="a">AR-RoUNA</subfield>
    <subfield code="b">AR-RoUNA</subfield>
    <subfield code="c">Heme</subfield>
    <subfield code="d">2018-07-27</subfield>
    <subfield code="e">Int</subfield>
    <subfield code="l">0</subfield>
    <subfield code="p">1000750</subfield>
    <subfield code="r">2018-07-27</subfield>
    <subfield code="t">ej. 1</subfield>
    <subfield code="w">2018-07-27</subfield>
    <subfield code="y">ART</subfield>
    <subfield code="k">241</subfield>
  </datafield>
</record>
